000 00628nam a2200229Ia 4500
003 OSt
005 20221005121613.0
006 a|||||r|||| 00| 0
007 ta
008 221004b |||||||| |||| 00| 0 eng d
024 _a31727
037 _cTextual
040 _aCRL
_cCRL
_beng
041 _2eng
_aeng
082 _aM95v1:N4, H9 close sec
100 _aNewhall Beaumont
_9630853
245 0 _aHistory of photography from1839 to the present day
260 _c1939
650 _aINDUSTRIAL ARTS
942 _hM95v1:N4, H9 close sec
_cTEXL
_2cc
999 _c1041695
_d1041695